Rings of fate / Melissa de la Cruz.
Available copies
- 1 of 2 copies available at LARL/NWRL Consortium.
- 1 of 2 copies available at Lake Agassiz Regional Library. (Show preferred library)
Current holds
0 current holds with 2 total copies.
View other formats and editions
Show Only Available Copies
| Location | Call Number / Copy Notes | Barcode | Shelving Location | Status | Due Date |
|---|---|---|---|---|---|
| Barnesville Public Library | SF DEL (Text) | 33500014355507 | New | Available | - |
| Breckenridge Public Library | SF DEL (Text) | 33500014355515 | New | Checked out | 05/28/2026 |
Record details
- ISBN: 9781649376954
- ISBN: 1649376952
- ISBN: 1649377142
- ISBN: 9781649377142
- Physical Description: 410 pages : color illustrations, map ; 24 cm.
- Edition: First edition.
- Publisher: Shrewsbury, PA : Red Tower Books, an imprint of Entangled Publishing, LLC, 2026.
- Copyright: ©2026
Content descriptions
| General Note: | Color illustrations on endpapers and sprayed edges. |
| Summary, etc.: | "Aren Bellamore has no interest in being anyone's ... Read More |
Search for related items by subject
| Subject: | Magic > Fiction. Man-woman relationships > Fiction. Princes > Fiction. Blessing and cursing > Fiction. Alliances > Fiction. |
| Genre: | Fantasy fiction. Romance fiction. Fantasy fiction. Novels. Fiction. |
Search for related items by series
| LDR | 03070cam a2200529 i 4500 | ||
|---|---|---|---|
| 001 | 482418 | ||
| 003 | LARL_NWRL_CONSORTIUM | ||
| 005 | 20260330174824.0 | ||
| 008 | 260107t20262026pauab 000 1 eng d | ||
| 040 | . | ‡aOJ4 ‡beng ‡erda ‡cOJ4 ‡dZGW ‡dON8 ‡dOCLCO ‡dOF9 ‡dRNL ‡dVP@ ‡dOCLCO ‡dIUK ‡dGRA ‡dCNCAR ‡dWTX ‡dOCLCO ‡dCQC ‡dBGU ‡dIMT ‡dOCLCO ‡dFVC ‡dZGR | |
| 020 | . | ‡a9781649376954 ‡q(deluxe edition ; ‡qhardcover) | |
| 020 | . | ‡a1649376952 ‡q(deluxe edition ; ‡qhardcover) | |
| 020 | . | ‡a1649377142 ‡q(hardcover) | |
| 020 | . | ‡a9781649377142 ‡q(hardcover) | |
| 035 | . | ‡a(OCoLC)1566446675 | |
| 082 | 0 | 4. | ‡a813/.6 ‡223 ‡1https://id.oclc.org/worldcat/ddc/E3WQXVKt899jmxJjBD6HpRyqJh |
| 100 | 1 | . | ‡aDe la Cruz, Melissa, ‡d1971- ‡eauthor. ‡1https://id.oclc.org/worldcat/entity/E39PBJqbr77RTT8PktPyDXqfbd ‡0(LARL_NWRL_CONSORTIUM)189233 |
| 245 | 1 | 0. | ‡aRings of fate / ‡cMelissa de la Cruz. |
| 250 | . | ‡aFirst edition. | |
| 264 | 1. | ‡aShrewsbury, PA : ‡bRed Tower Books, an imprint of Entangled Publishing, LLC, ‡c2026. | |
| 264 | 4. | ‡c©2026 | |
| 300 | . | ‡a410 pages : ‡bcolor illustrations, map ; ‡c24 cm. | |
| 336 | . | ‡atext ‡btxt ‡2rdacontent | |
| 337 | . | ‡aunmediated ‡bn ‡2rdamedia | |
| 338 | . | ‡avolume ‡bnc ‡2rdacarrier | |
| 490 | 0 | . | ‡aCurses and crowns ; ‡v1 |
| 500 | . | ‡aColor illustrations on endpapers and sprayed edges. | |
| 520 | . | ‡a"Aren Bellamore has no interest in being anyone's princess. She's too busy running the Raven's Beak tavern, fending off unwanted marriage proposals, and dreaming of escape. But when a brush with death and a dangerously handsome stranger upend her life, Aren finds herself bound to a bargain that could change everything. Prince Dietan has carried the cursed Rings of Fate--ancient weapons of devastating power--since childhood. The magic is killing him, and the enemies are closing in. To make the journey to reverse his curse, he needs a bride to hide his secrets. Aren wants freedom. Pretending to be his fiancée should give them both what they want. But as their perilous journey pits them against political schemes, monstrous Kilandrar, and a growing attraction neither can deny, the line between make-believe and destiny begins to blur. And the fate of two kingdoms may depend on whether a cynical barmaid and a cursed prince are willing to risk their hearts" -- ‡cProvided by publisher. | |
| 650 | 0. | ‡aMagic ‡vFiction. ‡0(LARL_NWRL_CONSORTIUM)165984 | |
| 650 | 0. | ‡aMan-woman relationships ‡vFiction. ‡0(LARL_NWRL_CONSORTIUM)165985 | |
| 650 | 0. | ‡aPrinces ‡vFiction. ‡0(LARL_NWRL_CONSORTIUM)166668 | |
| 650 | 0. | ‡aBlessing and cursing ‡vFiction. ‡0(LARL_NWRL_CONSORTIUM)163718 | |
| 650 | 0. | ‡aAlliances ‡vFiction. | |
| 655 | 0. | ‡aFantasy fiction. | |
| 655 | 7. | ‡aRomance fiction. ‡2lcgft | |
| 655 | 7. | ‡aFantasy fiction. ‡2lcgft | |
| 655 | 7. | ‡aNovels. ‡2lcgft | |
| 655 | 7. | ‡aFiction. ‡2lcgft | |
| 905 | . | ‡uvanderl | |
| 901 | . | ‡a482418 ‡bAUTOGEN ‡c482418 ‡tbiblio ‡soclc | |

Add to basket
Permalink
Enable Highlighting